Generique Pokemon (Opening 3 ) - Statistiques

Statistiques générales
  • Ce quiz a été pris 182 fois
  • Le résultat moyen est 87 sur 110
Statistiques - réponses
Réponse % Correct
Le
95%
le
95%
Pokémon
93%
Pokemon
93%
de
92%
a
91%
et
86%
tous
85%
nous
84%
monde
83%
tout
83%
tu
83%
autour
82%
change
82%
les
82%
Johto
80%
jour
80%
dresseur
79%
etre
79%
il
79%
la
79%
meilleur
79%
on
79%
te
79%
attraper
76%
capable
76%
plus
76%
est
75%
qui
75%
se
75%
car
74%
chaque
74%
determine
74%
passe
74%
veut
74%
c'est
72%
faut
72%
quoi
71%
hauteur
70%
deviens
69%
fou
69%
incroyable
69%
meme
69%
montrer
69%
reste
69%
destin
68%
parait
68%
flou
67%
fort
66%
prouver
66%
d'un
64%
devient
63%
malgre
62%
surpasses
62%
continue
60%
t'ameliores
60%
progresses
45%
Aucun quiz correspondant
Distribution des résultats
% des personnes avec chaque résultat
Percentile par nombre de réponses
Votre historique - résultats
Vous n’avez pas pris ce quiz